000 00519nam a2200169 4500
001 117212
003 ES-MaACL
005 20230906190841.0
007 t|
008 070301s1970 sp r ||||1| spa d
100 1 _aPaz-Andrade, Valentín.
_989764
245 1 3 _aLa marginación de Galicia /
_cpor Valentín Paz-Andrade.
250 _a1ª ed.
260 _aMadrid :
_bSiglo Veintiuno de España,
_c1970.
300 _aVIII, 359 p., 2 lám. :
_bil. ;
_c29 cm +
_e1 map. pleg.
852 _aES-MaACL
_jC-46252
_bR.73880
999 _c117212
_d117212